[Event "Bayern-chTT (LL Nord)"]
[Site "Bayern 2008/09"]
[Date "2009.02.01"]
[Round "6.7"]
[White "Goetz, Andreas(66)"]
[Black "Novacek, Karel"]
[Result "1-0"]
[WhiteElo "2066"]
[BlackElo "1938"]
[PlyCount "79"]
[EventDate "2009.03.??"]
[EventType "team-tourn"]
[EventRounds "9"]
[WhiteTeam "Erlangen-SC 1"]
[BlackTeam "Kötzting 1"]

1. Nf3 g6 2. e4 Bg7 3. c3 d6 4. Be2 Nf6 5. d3 O-O 6. O-O e5 7. Re1 b6 8. Nbd2
Bb7 9. Qc2 Re8 10. c4 Na6 11. Nf1 Qd7 12. Ng3 Rad8 13. Bd2 Nc5 14. b4 Ne6 15.
a4 Nf4 16. Bf1 Qg4 17. Qd1 N6h5 18. h3 Qd7 19. Nxh5 Nxh5 20. a5 c6 21. axb6
axb6 22. Be3 Qc7 23. Qc2 Ra8 24. d4 Rxa1 25. Rxa1 exd4 26. Bxd4 c5 27. Bxg7
Bxe4 28. Qb3 Nxg7 29. b5 Qb7 30. Nd2 Bf5 31. g4 Bd7 32. Bg2 Qc7 33. Ne4 Re5 34.
Nf6+ Kh8 35. Qf3 Ne8 36. Nd5 Rxd5 37. Qxd5 Be6 38. Qa8 Qc8 39. Qxc8 Bxc8 40.
Ra8 1-0

[Event "Bayern-chTT (LL Nord)"]
[Site "Bayern 2008/09"]
[Date "2009.02.01"]
[Round "6.8"]
[White "Graf, Eduard"]
[Black "Bachstein, Dustin"]
[Result "0-1"]
[WhiteElo "1863"]
[BlackElo "2000"]
[PlyCount "120"]
[EventDate "2009.03.??"]
[EventType "team-tourn"]
[EventRounds "9"]
[WhiteTeam "Kötzting 1"]
[BlackTeam "Erlangen-SC 1"]

1. c4 Nf6 2. g3 g6 3. Bg2 Bg7 4. Nc3 O-O 5. Nf3 d6 6. d4 Nbd7 7. O-O Rb8 8. e4
c5 9. d5 a6 10. a4 Re8 11. Re1 Nf8 12. e5 Ng4 13. Bf4 g5 14. Bxg5 Nxe5 15. Nxe5
Bxe5 16. Qh5 Qd7 17. Re4 Qf5 18. Kh1 Bd7 19. g4 Qg6 20. Qh4 e6 21. Rae1 Bxc3
22. bxc3 exd5 23. cxd5 b5 24. axb5 axb5 25. f4 f5 26. gxf5 Bxf5 27. Re7 Rxe7
28. Rxe7 Re8 29. Qg3 Ra8 30. Qe1 Ra2 31. Re2 Rxe2 32. Qxe2 b4 33. cxb4 cxb4 34.
Qc4 Qg7 35. h4 Qc3 36. Bf1 Qxc4 37. Bxc4 Kf7 38. Bb3 Nd7 39. Bd8 Nc5 40. Bd1 b3
41. Bxb3 Nxb3 42. Kg2 Be4+ 43. Kf2 Bxd5 44. Ke3 Ke6 45. Bc7 Bc4 46. f5+ Ke5 47.
f6 Nc5 48. Kf3 h5 49. Ke3 Bf7 50. Kf3 Nd7 51. Ba5 d5 52. Ke3 Nxf6 53. Bc3+ Kf5
54. Kd4 Ne4 55. Be1 Kf4 56. Ba5 Kg4 57. Bd8 Ng3 58. Ke5 Nf5 59. Kf6 Bg8 60. Kg6
d4 0-1

[Event "Bayern-chTT (LL Nord)"]
[Site "Bayern 2008/09"]
[Date "2009.02.01"]
[Round "6.1"]
[White "Tran, Phat"]
[Black "Koch, Moritz"]
[Result "1/2-1/2"]
[WhiteElo "2234"]
[BlackElo "2249"]
[PlyCount "113"]
[EventDate "2009.03.??"]
[EventType "team-tourn"]
[EventRounds "9"]
[WhiteTeam "Nürnberg-NT 2"]
[BlackTeam "Puschendorf 1"]

1. d4 f5 2. c4 d6 3. Nf3 Nf6 4. g3 g6 5. Bg2 Bg7 6. O-O O-O 7. Nc3 Qe8 8. d5 a5
9. Nd4 Na6 10. b3 Bd7 11. Bb2 Rb8 12. Rc1 c6 13. e3 Nc5 14. h3 Nfe4 15. Rc2 Qf7
16. Nde2 Nf6 17. Nf4 Rbd8 18. Nd3 Nxd3 19. Qxd3 e5 20. dxe6 Bxe6 21. Ne2 a4 22.
bxa4 Ra8 23. Nf4 Bc8 24. Qb3 g5 25. Ne2 Nd7 26. Bxg7 Nc5 27. Qc3 Qxg7 28. Qd2
Rf6 29. Nc3 Qf7 30. a5 Qc7 31. Qd4 Rf7 32. e4 Ne6 33. Qd2 f4 34. Bf3 Rxa5 35.
Bh5 Rf6 36. Bg4 Ra3 37. Qc1 Ra5 38. Qb2 Re5 39. Rd2 Nc5 40. gxf4 gxf4 41. f3
Rg6 42. Rg2 Reg5 43. h4 Bxg4 44. hxg5 Bh3 45. Kh2 Bxg2 46. Qxg2 Ne6 47. Rg1
Nxg5 48. Qg4 Qe7 49. Ne2 Ne6 50. Qh5 Kg7 51. Rg4 Qf6 52. Qf5 h5 53. Qxh5 Rxg4
54. Qxg4+ Qg6 55. Kh3 Ng5+ 56. Kg2 Ne6 57. Kh3 1/2-1/2

[Event "Bayern-chTT (LL Nord)"]
[Site "Bayern 2008/09"]
[Date "2009.02.01"]
[Round "6.2"]
[White "Lauer, Moritz"]
[Black "Sommer, Matthias(70)"]
[Result "1-0"]
[WhiteElo "2242"]
[BlackElo "2141"]
[PlyCount "115"]
[EventDate "2009.03.??"]
[EventType "team-tourn"]
[EventRounds "9"]
[WhiteTeam "Puschendorf 1"]
[BlackTeam "Nürnberg-NT 2"]

1. e4 c5 2. Nf3 d6 3. d4 cxd4 4. Nxd4 Nf6 5. Nc3 a6 6. Be3 e5 7. Nb3 Be6 8. h3
Be7 9. Qf3 O-O 10. O-O-O Nbd7 11. g4 Rc8 12. g5 Ne8 13. h4 Rxc3 14. bxc3 a5 15.
a4 Qc7 16. Kb2 b6 17. Bh3 Bxh3 18. Rxh3 Qc6 19. Qe2 Qxa4 20. Qd3 Nc7 21. Nd2
Qc6 22. h5 Rc8 23. g6 Ne6 24. Nb1 Nf6 25. gxf7+ Kxf7 26. f3 b5 27. h6 g6 28.
Na3 Rb8 29. Nb1 b4 30. Kc1 b3 31. cxb3 Rxb3 32. Rh2 a4 33. Rb2 Rxb2 34. Kxb2
Bf8 35. Ka2 Nc7 36. Rd2 d5 37. Rb2 Nd7 38. Nd2 a3 39. Rb3 Nc5 40. Bxc5 Qxc5 41.
exd5 Nxd5 42. Ne4 Qc6 43. Qb5 Qxb5 44. Rxb5 Ke6 45. c4 Ne3 46. Rb6+ Kd7 47.
Rb7+ Kc6 48. Rxh7 Nf5 49. Rf7 Bxh6 50. Rf6+ Kd7 51. Kxa3 Nh4 52. Kb4 Bf4 53.
Kc5 g5 54. Kd5 Nxf3 55. c5 Nd4 56. c6+ Kd8 57. Rf8+ Kc7 58. Rf7+ 1-0

[Event "Bayern-chTT (LL Nord)"]
[Site "Bayern 2008/09"]
[Date "2009.02.01"]
[Round "6.3"]
[White "Wulfmeyer, Johannes"]
[Black "Lowitz, Torsten"]
[Result "1-0"]
[WhiteElo "2098"]
[BlackElo "2067"]
[PlyCount "101"]
[EventDate "2009.03.??"]
[EventType "team-tourn"]
[EventRounds "9"]
[WhiteTeam "Nürnberg-NT 2"]
[BlackTeam "Puschendorf 1"]

1. c4 c5 2. Nf3 Nc6 3. d4 cxd4 4. Nxd4 d6 5. Nc3 Nf6 6. e4 e6 7. Be2 Be7 8. Be3
O-O 9. O-O a6 10. Qd2 Bd7 11. f3 Rc8 12. Rac1 Nxd4 13. Bxd4 Qc7 14. Rfd1 Bc6
15. Bf1 Rfd8 16. Qf2 Nd7 17. Nd5 Bxd5 18. exd5 e5 19. Be3 f5 20. Qe1 Bf6 21.
Qd2 Re8 22. b4 b6 23. c5 bxc5 24. Bxa6 Ra8 25. Bb5 Red8 26. a4 Be7 27. Qc2 g6
28. Qb3 Kg7 29. Qc3 Rac8 30. a5 Rb8 31. Bf1 Ra8 32. a6 Rab8 33. g3 Rb6 34. Rc2
Rdb8 35. b5 Re8 36. Ra2 Rbb8 37. Qd2 Nb6 38. Kg2 Bf6 39. h4 e4 40. fxe4 fxe4
41. Qc1 Re5 42. Bd4 Rf5 43. Bxf6+ Rxf6 44. Qa1 Qf7 45. Rf2 Nd7 46. Rxf6 Qxf6
47. Be2 Nb6 48. a7 Ra8 49. Qa6 Qd8 50. Qb7+ Nd7 51. Bg4 1-0

[Event "Bayern-chTT (LL Nord)"]
[Site "Bayern 2008/09"]
[Date "2009.02.01"]
[Round "6.4"]
[White "Diekers, Michael"]
[Black "Willim, Michael"]
[Result "0-1"]
[WhiteElo "2105"]
[BlackElo "2051"]
[PlyCount "72"]
[EventDate "2009.03.??"]
[EventType "team-tourn"]
[EventRounds "9"]
[WhiteTeam "Puschendorf 1"]
[BlackTeam "Nürnberg-NT 2"]

1. Nf3 d6 2. d4 Bg4 3. c4 Bxf3 4. exf3 g6 5. Nc3 Bg7 6. Be3 e5 7. dxe5 dxe5 8.
Qb3 Qc8 9. f4 Ne7 10. fxe5 Nf5 11. Bf4 Nc6 12. O-O-O O-O 13. Nd5 Nxe5 14. Bxe5
Bxe5 15. Bd3 Kh8 16. f4 Bg7 17. Rhe1 c6 18. Ne7 Nxe7 19. Rxe7 b5 20. c5 Qd8 21.
Re2 Qd4 22. Kb1 Qxf4 23. g3 Qf6 24. Rc2 a5 25. Be4 Rad8 26. Rdc1 Rd4 27. Qf3
Qe5 28. Bxc6 Rb4 29. Qe2 Qf5 30. Ka1 h5 31. Bxb5 Bh6 32. Rd1 Rxb5 33. Qxb5 Qxc2
34. Rb1 a4 35. Qb4 Bg7 36. Qa3 Rc8 0-1

[Event "Bayern-chTT (LL Nord)"]
[Site "Bayern 2008/09"]
[Date "2009.02.01"]
[Round "6.5"]
[White "Reiser, Wolfgang"]
[Black "Kotz, Reinhard"]
[Result "1/2-1/2"]
[WhiteElo "2079"]
[BlackElo "2075"]
[PlyCount "92"]
[EventDate "2009.03.??"]
[EventType "team-tourn"]
[EventRounds "9"]
[WhiteTeam "Nürnberg-NT 2"]
[BlackTeam "Puschendorf 1"]

1. e4 Nf6 2. e5 Nd5 3. c4 Nb6 4. c5 Nd5 5. Bc4 e6 6. Nc3 Nxc3 7. bxc3 Bxc5 8.
Qg4 Kf8 9. d4 Be7 10. Nf3 d5 11. Bd3 b6 12. O-O Ba6 13. Rd1 c5 14. c4 h5 15.
Qg3 Nc6 16. cxd5 Bxd3 17. dxc6 Be4 18. Bg5 c4 19. d5 Bxd5 20. h4 Rc8 21. Nd4
Bxg5 22. hxg5 g6 23. Nb5 Qe7 24. Nd6 Rxc6 25. Rd4 Kg7 26. Rf4 Rf8 27. Rf6 c3
28. Qd3 Qc7 29. Rxf7+ Qxf7 30. Nxf7 Rxf7 31. Rc1 Rfc7 32. Rc2 Bxa2 33. Qd8 Bb3
34. Qf6+ Kh7 35. Rc1 c2 36. Qf8 a5 37. g4 h4 38. f3 Rd7 39. Qh6+ Kg8 40. Qxg6+
Kf8 41. Qf6+ Ke8 42. g6 Rd1+ 43. Kf2 Rxc1 44. Qf7+ Kd8 45. g7 Rf1+ 46. Kg2 Rg1+
1/2-1/2

[Event "Bayern-chTT (LL Nord)"]
[Site "Bayern 2008/09"]
[Date "2009.02.01"]
[Round "6.6"]
[White "Seregelyes, Csaba"]
[Black "Sargin, Anatol"]
[Result "1/2-1/2"]
[WhiteElo "2056"]
[BlackElo "2112"]
[PlyCount "78"]
[EventDate "2009.03.??"]
[EventType "team-tourn"]
[EventRounds "9"]
[WhiteTeam "Puschendorf 1"]
[BlackTeam "Nürnberg-NT 2"]

1. d4 d5 2. Nf3 e6 3. c4 f5 4. Nc3 Nf6 5. Bf4 c6 6. e3 Be7 7. Bd3 O-O 8. Qc2
Ne4 9. g4 Na6 10. a3 Qa5 11. Ke2 Nd6 12. b4 Qd8 13. cxd5 exd5 14. Bxd6 Bxd6 15.
gxf5 Qf6 16. Rag1 Bxb4 17. Nxd5 cxd5 18. Qb3 Bxf5 19. Qxd5+ Be6 20. Qh5 Qxf3+
21. Qxf3 Rxf3 22. Kxf3 Bxa3 23. e4 Nb4 24. Be2 Nc2 25. Rd1 Rf8+ 26. Kg3 Bd6+
27. Kg2 a5 28. Rd2 Nb4 29. Ra1 b6 30. e5 Bd5+ 31. Kg3 Be7 32. f4 g5 33. Rf1
gxf4+ 34. Rxf4 Rxf4 35. Kxf4 Kf7 36. Bh5+ Ke6 37. Bg4+ Kf7 38. Bh5+ Ke6 39.
Bg4+ Kf7 1/2-1/2

[Event "Bayern-chTT (LL Nord)"]
[Site "Bayern 2008/09"]
[Date "2009.02.01"]
[Round "6.7"]
[White "Just, Hannes"]
[Black "Sarec, Ivica"]
[Result "1-0"]
[WhiteElo "2095"]
[BlackElo "2016"]
[PlyCount "57"]
[EventDate "2009.03.??"]
[EventType "team-tourn"]
[EventRounds "9"]
[WhiteTeam "Nürnberg-NT 2"]
[BlackTeam "Puschendorf 1"]

1. d4 Nf6 2. c4 c5 3. d5 b5 4. Nd2 bxc4 5. e4 Qa5 6. Qc2 d6 7. Ngf3 g6 8. Bxc4
Bg7 9. O-O O-O 10. b3 Nxe4 11. Nxe4 Bxa1 12. Bd2 Qc7 13. Rxa1 e5 14. Bh6 f5 15.
Neg5 Re8 16. Re1 Nd7 17. Qc3 Nf6 18. Rxe5 Rxe5 19. Qxe5 Qd8 20. Ne6 Qe7 21. Qe1
Bd7 22. Bg5 Qf7 23. Bc1 Ne4 24. Nfg5 Nxg5 25. Bxg5 Re8 26. Qc3 h5 27. Bc1 Qe7
28. Qg3 Kh7 29. Bg5 1-0

[Event "Bayern-chTT (LL Nord)"]
[Site "Bayern 2008/09"]
[Date "2009.02.01"]
[Round "6.8"]
[White "Steinmueller, Alexander"]
[Black "Hirn, Oskar"]
[Result "0-1"]
[WhiteElo "2002"]
[BlackElo "2151"]
[PlyCount "78"]
[EventDate "2009.03.??"]
[EventType "team-tourn"]
[EventRounds "9"]
[WhiteTeam "Puschendorf 1"]
[BlackTeam "Nürnberg-NT 2"]

1. e4 c5 2. d3 Nc6 3. g3 g6 4. Bg2 Bg7 5. f4 d6 6. Nf3 e6 7. O-O Nge7 8. c3 O-O
9. Be3 Rb8 10. d4 b6 11. Na3 Ba6 12. Re1 cxd4 13. cxd4 Qd7 14. Nc2 Rbc8 15. Bf2
Na5 16. b3 Rc3 17. Re3 Rc7 18. Nb4 Bb7 19. e5 Rfc8 20. Ng5 Bxg2 21. Kxg2 Nf5
22. Re2 Qb5 23. Nc2 Qd5+ 24. Kg1 dxe5 25. fxe5 h6 26. Ne4 Kh7 27. Nb4 Qb5 28.
Nd3 Nc6 29. Nc3 Qa5 30. Be1 Ncxd4 31. Re4 Rxc3 32. Qg4 Qb5 33. Bxc3 Rxc3 34.
Nb2 Nf3+ 35. Kf2 Nxe5 36. Qf4 Qc6 37. Kg1 Rf3 38. Rc1 Rxf4 39. Rxc6 Rxe4 0-1

[Event "Bayern-chTT (LL Nord)"]
[Site "Bayern 2008/09"]
[Date "2009.02.01"]
[Round "6.1"]
[White "Loos, Roland"]
[Black "Forman, Stepan"]
[Result "0-1"]
[WhiteElo "2276"]
[BlackElo "2277"]
[PlyCount "68"]
[EventDate "2009.03.??"]
[EventType "team-tourn"]
[EventRounds "9"]
[WhiteTeam "Neutraubling 1"]
[BlackTeam "Kulmbach 1"]

1. d4 f5 2. g3 Nf6 3. Bg2 g6 4. Nf3 Bg7 5. c4 d6 6. Nc3 O-O 7. O-O Qe8 8. d5 a5
9. Rb1 Na6 10. Nd4 Bd7 11. b3 c6 12. Na4 Ne4 13. Bxe4 fxe4 14. Nb6 Bh3 15. Nxa8
Qxa8 16. Re1 cxd5 17. cxd5 Nc7 18. Ne6 Nxe6 19. dxe6 Bxe6 20. Bb2 Bxb2 21. Rxb2
b5 22. Rc2 Qa7 23. e3 a4 24. Qc1 axb3 25. axb3 Bxb3 26. Rc7 Qa2 27. Rxe7 Qxf2+
28. Kh1 Qf6 29. Rc7 Bc4 30. Qd2 d5 31. Ra7 b4 32. Rea1 b3 33. Ra8 Kg7 34. Rxf8
Qxa1+ 0-1

[Event "Bayern-chTT (LL Nord)"]
[Site "Bayern 2008/09"]
[Date "2009.02.01"]
[Round "6.2"]
[White "Vedral, Oldrich"]
[Black "Hitzler, Philipp"]
[Result "1/2-1/2"]
[WhiteElo "2239"]
[BlackElo "2220"]
[PlyCount "94"]
[EventDate "2009.03.??"]
[EventType "team-tourn"]
[EventRounds "9"]
[WhiteTeam "Kulmbach 1"]
[BlackTeam "Neutraubling 1"]

1. e4 e5 2. Nf3 Nc6 3. Bb5 a6 4. Ba4 Nf6 5. O-O Be7 6. Qe2 b5 7. Bb3 O-O 8. c3
d6 9. a4 Na5 10. Bc2 Be6 11. axb5 axb5 12. Ra3 c5 13. b4 cxb4 14. cxb4 Nc4 15.
Rxa8 Qxa8 16. d3 Nb6 17. Nc3 Qc6 18. Bb2 Na4 19. Nxa4 bxa4 20. Ra1 Ra8 21. Qd1
Bd7 22. d4 Be8 23. dxe5 dxe5 24. Nxe5 Qb7 25. Bxa4 Qxb4 26. Bxe8 Rxe8 27. Qd4
Qxd4 28. Bxd4 Nxe4 29. Re1 Ng5 30. Kf1 Bf6 31. Nc6 Rxe1+ 32. Kxe1 Bxd4 33. Nxd4
g6 34. Ke2 Kg7 35. Ke3 Kf6 36. f4 Ne6 37. Nxe6 Kxe6 38. Ke4 h5 39. h4 Kf6 40.
Ke3 Kf5 41. Kf3 f6 42. g3 g5 43. fxg5 fxg5 44. hxg5 Kxg5 45. Kg2 Kg4 46. Kh2 h4
47. gxh4 Kxh4 1/2-1/2

[Event "Bayern-chTT (LL Nord)"]
[Site "Bayern 2008/09"]
[Date "2009.02.01"]
[Round "6.3"]
[White "Werner, Claus"]
[Black "Smid, Miroslav"]
[Result "1/2-1/2"]
[WhiteElo "2197"]
[BlackElo "2196"]
[PlyCount "132"]
[EventDate "2009.03.??"]
[EventType "team-tourn"]
[EventRounds "9"]
[WhiteTeam "Neutraubling 1"]
[BlackTeam "Kulmbach 1"]

1. d4 d5 2. c4 e6 3. Nc3 Nf6 4. cxd5 exd5 5. Bf4 c6 6. e3 Bd6 7. Bxd6 Qxd6 8.
Bd3 Bg4 9. Qc2 Bh5 10. Nge2 Bg6 11. Ng3 Bxd3 12. Qxd3 O-O 13. f3 Re8 14. O-O c5
15. Nb5 Qc6 16. dxc5 Na6 17. Nd4 Qxc5 18. a3 Qc4 19. Qd2 Qa4 20. Rac1 Rac8 21.
Ngf5 Qd7 22. Rxc8 Rxc8 23. e4 Ne8 24. e5 Kh8 25. b4 Nac7 26. f4 Ne6 27. Ne3 a6
28. f5 Nxd4 29. Qxd4 Nc7 30. Rd1 Rd8 31. f6 g6 32. Rd3 Ne6 33. Qb6 d4 34. Nc4
Nf4 35. Rd2 Rc8 36. Nd6 Rc1+ 37. Kf2 Rc7 38. Qxd4 Ne6 39. Qe3 Qa4 40. g3 Qc6
41. Ne4 Rc8 42. Rd3 Qc2+ 43. Qd2 Qb1 44. Rc3 Rf8 45. Qe1 Qb2+ 46. Qe2 Qb1 47.
Kg2 Kg8 48. Nf2 Qa1 49. Qe3 Qb2 50. Rd3 Rc8 51. Rd2 Qc1 52. Re2 Qc4 53. Qe4 Qb5
54. Rd2 Rd8 55. Rxd8+ Nxd8 56. Nd3 Qd7 57. Kf3 Ne6 58. Ke3 Qc7 59. Qd5 h5 60.
Nc5 Nxc5 61. Qxc5 Qd7 62. Qe7 Qd5 63. Qd6 Qb3+ 64. Qd3 Qe6 65. Qd8+ Kh7 66. Qe7
Qb6+ 1/2-1/2

[Event "Bayern-chTT (LL Nord)"]
[Site "Bayern 2008/09"]
[Date "2009.02.01"]
[Round "6.4"]
[White "Oehrlein, Thomas"]
[Black "Wutz, Christoph"]
[Result "1/2-1/2"]
[WhiteElo "2188"]
[BlackElo "2145"]
[PlyCount "159"]
[EventDate "2009.03.??"]
[EventType "team-tourn"]
[EventRounds "9"]
[WhiteTeam "Kulmbach 1"]
[BlackTeam "Neutraubling 1"]

1. e4 e6 2. d4 d5 3. Nc3 Bb4 4. exd5 exd5 5. Bd3 c5 6. Nf3 Nc6 7. O-O Nge7 8.
Bf4 O-O 9. dxc5 Bxc5 10. a3 Bd6 11. Bg3 h6 12. Nb5 Bxg3 13. hxg3 Bg4 14. Qd2
Bxf3 15. gxf3 a6 16. Nc3 Qd6 17. Rad1 Qf6 18. Kg2 Rfe8 19. f4 Rac8 20. Rfe1 Na5
21. Qe2 Kf8 22. Rd2 Rc6 23. Qf3 Re6 24. Rxe6 fxe6 25. Nd1 Rc8 26. Re2 Nc4 27.
Ne3 Nxe3+ 28. Qxe3 Rc6 29. c3 Nc8 30. f5 Kf7 31. Qf3 Ne7 32. fxe6+ Rxe6 33.
Rxe6 Qxf3+ 34. Kxf3 Kxe6 35. Ke3 Ke5 36. b4 Nc6 37. f4+ Kd6 38. Be2 a5 39. b5
Ne7 40. g4 Kc5 41. a4 Nc8 42. Kd3 Nb6 43. Bd1 Nc4 44. Bb3 Nd6 45. Bd1 b6 46.
Bf3 Nc4 47. Be2 Kd6 48. Kc2 Ne3+ 49. Kd3 Ng2 50. f5 Ke5 51. Bf3 Nf4+ 52. Ke3
Nh3 53. Bh1 Ng5 54. Bg2 Nf7 55. Bf1 Nd6 56. Bd3 Nb7 57. Bb1 Nc5 58. Bc2 Nd7 59.
Bd3 Nf6 60. Kf3 Nh7 61. Ke3 Ng5 62. Bc2 Nh3 63. Bd1 Nf4 64. Bf3 Nh3 65. Bh1 Ng5
66. Bf3 Nf7 67. Be2 Nd6 68. Bd3 Nb7 69. Bb1 Nc5 70. Bc2 Nd7 71. Bd1 Nf6 72. Bf3
Ng8 73. Be2 Ne7 74. Bd3 Nc8 75. Be2 Nd6 76. Bd3 Ne8 77. Be2 Nf6 78. Bf3 Nd7 79.
Bd1 Nc5 80. Bc2 1/2-1/2

[Event "Bayern-chTT (LL Nord)"]
[Site "Bayern 2008/09"]
[Date "2009.02.01"]
[Round "6.5"]
[White "Gegenfurtner, Juergen"]
[Black "Dolezal, Martin jr(85)"]
[Result "1/2-1/2"]
[WhiteElo "2089"]
[BlackElo "2026"]
[PlyCount "146"]
[EventDate "2009.03.??"]
[EventType "team-tourn"]
[EventRounds "9"]
[WhiteTeam "Neutraubling 1"]
[BlackTeam "Kulmbach 1"]

1. e4 c5 2. Nf3 d6 3. d4 cxd4 4. Qxd4 Nc6 5. Bb5 Bd7 6. Bxc6 Bxc6 7. c4 Nf6 8.
Nc3 g6 9. O-O Bg7 10. Qd3 O-O 11. Nd4 a6 12. Rb1 Qc7 13. Rd1 Rac8 14. b3 Rfd8
15. Bg5 h6 16. Bh4 b6 17. Nxc6 Qxc6 18. Bxf6 Bxf6 19. Nd5 Re8 20. Nxf6+ exf6
21. f3 Re6 22. Rbc1 Rce8 23. Qd5 Qc5+ 24. Qxc5 dxc5 25. Rd5 f5 26. exf5 Re2 27.
fxg6 Rxa2 28. gxf7+ Kxf7 29. Rf5+ Kg6 30. Rf4 h5 31. Re4 Rd8 32. Kh1 Rdd2 33.
Rg1 Kf6 34. Ree1 Rab2 35. Re3 h4 36. h3 Kf5 37. Re4 Kg5 38. Rg4+ Kh5 39. Re1
Re2 40. Rd1 Red2 41. Re1 Re2 42. Rd1 Red2 43. Rxd2 Rxd2 44. Re4 Rd6 45. Kg1 Kg5
46. Kf2 Rd3 47. Re3 Rxe3 48. Kxe3 Kf5 49. Ke2 Ke5 50. Kf2 Kf4 51. Ke2 Ke5 52.
Ke3 Kf5 53. Kd3 Ke5 54. Kc3 Kf4 55. b4 cxb4+ 56. Kxb4 a5+ 57. Kb5 Kg3 58. Ka4
Kf4 59. Ka3 Kg3 60. Kb3 Kf4 61. Ka4 Kg3 62. Kb5 Kf4 63. Kxb6 a4 64. c5 a3 65.
c6 a2 66. c7 a1=Q 67. c8=Q Qb2+ 68. Kc7 Qc3+ 69. Kd8 Qxc8+ 70. Kxc8 Kg3 71. Kd7
Kxg2 72. f4 Kxh3 73. f5 Kg3 1/2-1/2

[Event "Bayern-chTT (LL Nord)"]
[Site "Bayern 2008/09"]
[Date "2009.02.01"]
[Round "6.6"]
[White "Rehak, Martin"]
[Black "Dietrich, Reinhard(70)"]
[Result "0-1"]
[WhiteElo "2128"]
[BlackElo "2006"]
[PlyCount "52"]
[EventDate "2009.03.??"]
[EventType "team-tourn"]
[EventRounds "9"]
[WhiteTeam "Kulmbach 1"]
[BlackTeam "Neutraubling 1"]

1. e4 e6 2. Qe2 c5 3. f4 Nc6 4. Nf3 Nge7 5. e5 d5 6. exd6 Nf5 7. d7+ Bxd7 8. c3
Bd6 9. g3 O-O 10. Bg2 Re8 11. O-O e5 12. fxe5 Nxe5 13. Na3 Ng4 14. Qc4 h5 15.
Nb5 Bf8 16. a4 a6 17. Na3 b5 18. axb5 axb5 19. Qd5 Nf6 20. Qb7 Nd6 21. Qxa8
Qxa8 22. Ne5 Qa7 23. Nxd7 c4+ 24. Kh1 Qxd7 25. Nc2 Nde4 26. Nd4 Bc5 0-1

[Event "Bayern-chTT (LL Nord)"]
[Site "Bayern 2008/09"]
[Date "2009.02.01"]
[Round "6.7"]
[White "Werner, Holger(72)"]
[Black "Janda, Pavel"]
[Result "0-1"]
[WhiteElo "1824"]
[BlackElo "2036"]
[PlyCount "104"]
[EventDate "2009.03.??"]
[EventType "team-tourn"]
[EventRounds "9"]
[WhiteTeam "Neutraubling 1"]
[BlackTeam "Kulmbach 1"]

1. e4 e5 2. Nf3 Nc6 3. Bb5 a6 4. Ba4 d6 5. O-O Bg4 6. c3 Qf6 7. d3 Bxf3 8. Qxf3
Qxf3 9. gxf3 f5 10. f4 Nge7 11. fxe5 dxe5 12. f4 O-O-O 13. Bc2 fxe4 14. dxe4
exf4 15. Bxf4 Ng6 16. Bg5 Bc5+ 17. Kh1 Rdf8 18. Nd2 h6 19. Nb3 Bf2 20. Bd2 Nge5
21. Kg2 Bb6 22. Rxf8+ Rxf8 23. Rf1 Rxf1 24. Kxf1 g5 25. Kg2 Nc4 26. h4 Be3 27.
Be1 Nxb2 28. hxg5 hxg5 29. Nd2 Kd7 30. Nf3 b5 31. Bg3 Nc4 32. Bd3 Nd2 33. Nxd2
Bxd2 34. c4 Nb4 35. Be2 c6 36. cxb5 axb5 37. Bg4+ Ke7 38. a3 Nc2 39. Kf3 Nd4+
40. Kg2 Bc1 41. Bf2 Ne6 42. Bxe6 Kxe6 43. Bc5 Ke5 44. Kf3 g4+ 45. Kxg4 Kxe4 46.
Bb4 Kd5 47. Kf3 c5 48. Ba5 Bxa3 49. Ke3 Kc4 50. Bb6 Kb3 51. Kd2 c4 52. Bd4 Bb2
0-1

[Event "Bayern-chTT (LL Nord)"]
[Site "Bayern 2008/09"]
[Date "2009.02.01"]
[Round "6.8"]
[White "Goetschel, Sebastian"]
[Black "Langensteiner, Matthias Dr"]
[Result "0-1"]
[WhiteElo "1929"]
[BlackElo "1887"]
[PlyCount "54"]
[EventDate "2009.03.??"]
[EventType "team-tourn"]
[EventRounds "9"]
[WhiteTeam "Kulmbach 1"]
[BlackTeam "Neutraubling 1"]

1. c4 g6 2. g3 Bg7 3. Bg2 d6 4. Nc3 e5 5. e4 Nc6 6. Nge2 f5 7. exf5 Bxf5 8. d3
Nf6 9. h3 O-O 10. O-O a5 11. Be3 Kh8 12. Qd2 Nd7 13. d4 exd4 14. Nxd4 Nxd4 15.
Bxd4 Ne5 16. Rad1 Be6 17. b3 Nf3+ 18. Bxf3 Rxf3 19. Kg2 Rf7 20. Ne4 Bd7 21. Ng5
Rf5 22. h4 Qf8 23. Rc1 Bc6+ 24. Kh2 Be5 25. Qb2 Rxg5 26. hxg5 Qf3 27. Bxe5+ Kg8
0-1

[Event "Bayern-chTT (LL Nord)"]
[Site "Bayern 2008/09"]
[Date "2009.03.01"]
[Round "7.1"]
[White "Giessmann, Stephan(73)"]
[Black "Loos, Roland"]
[Result "1-0"]
[WhiteElo "2129"]
[BlackElo "2276"]
[PlyCount "121"]
[EventDate "2009.03.??"]
[EventType "team-tourn"]
[EventRounds "9"]
[WhiteTeam "Kelheim 1"]
[BlackTeam "Neutraubling 1"]

1. d4 Nf6 2. Nf3 e6 3. c3 c5 4. Bf4 b6 5. e3 Bb7 6. Nbd2 Be7 7. h3 O-O 8. Bd3
cxd4 9. exd4 d6 10. O-O Nbd7 11. Re1 Re8 12. Qe2 a6 13. Ng5 g6 14. Ndf3 Bf8 15.
Rad1 Qc7 16. Qc2 Rac8 17. Re2 b5 18. Rde1 Bd5 19. a3 Qc6 20. Ne4 Nxe4 21. Bxe4
Bxe4 22. Qxe4 Qxe4 23. Rxe4 Nf6 24. R4e2 Nd5 25. Bg3 a5 26. Nd2 Rc6 27. Ra1 Rb8
28. Nb3 Ra6 29. Nc5 Ra7 30. a4 bxa4 31. Nxa4 Rc8 32. f3 Rb7 33. Be1 Rb3 34. Kf2
Rc4 35. g3 Bg7 36. Bd2 Kf8 37. Be1 Ke7 38. Ra2 Kd7 39. Rd2 Kc6 40. Rd1 Bh6 41.
f4 Bg7 42. Ke2 Ne7 43. Kd2 Rb8 44. Kd3 Kd5 45. Nb6+ Rxb6 46. Rxa5+ Rc5 47. dxc5
Rxb2 48. Ke3+ Kc4 49. cxd6 Nd5+ 50. Kf3 Rb7 51. Ra4+ Kc5 52. Bf2+ Kc6 53. Ra6+
Kb5 54. Ra3 Rd7 55. Ra7 Rxa7 56. Bxa7 Bxc3 57. d7 Bf6 58. Rc1 Nb4 59. Bb8 Nc6
60. Bc7 Nd8 61. Bxd8 1-0

[Event "Bayern-chTT (LL Nord)"]
[Site "Bayern 2008/09"]
[Date "2009.03.01"]
[Round "7.2"]
[White "Hitzler, Philipp"]
[Black "Kreuzer, Helmut"]
[Result "1-0"]
[WhiteElo "2204"]
[BlackElo "2194"]
[PlyCount "95"]
[EventDate "2009.03.??"]
[EventType "team-tourn"]
[EventRounds "9"]
[WhiteTeam "Neutraubling 1"]
[BlackTeam "Kelheim 1"]

1. Nf3 d5 2. d4 Nf6 3. c4 e6 4. Nc3 Be7 5. Bg5 Nbd7 6. e3 O-O 7. Rc1 c6 8. Bd3
dxc4 9. Bxc4 Nd5 10. Bxe7 Qxe7 11. O-O Nxc3 12. Rxc3 e5 13. h3 e4 14. Nd2 Nf6
15. Qc2 Re8 16. Rc1 h6 17. a3 Bd7 18. Ba2 Be6 19. Bb1 Bd5 20. Nf1 g6 21. Ng3
Qd6 22. Ne2 Be6 23. Rc5 Nd7 24. Rc3 Nf6 25. Qa4 Re7 26. Rc5 Bd7 27. Qc2 Kg7 28.
Nf4 Be8 29. Ba2 b6 30. Rc3 a5 31. Bb3 Raa7 32. Qd1 g5 33. Ne2 Nd5 34. R3c2 f5
35. Ba4 Rac7 36. Nc3 Nf6 37. Qe2 Ra7 38. Qf1 f4 39. d5 Nxd5 40. Nxd5 cxd5 41.
Bxe8 Rxe8 42. Qb5 Qd7 43. Qxb6 Re6 44. Qd4+ Kg6 45. exf4 gxf4 46. Rc8 f3 47.
Rg8+ Kh5 48. Rc5 1-0

[Event "Bayern-chTT (LL Nord)"]
[Site "Bayern 2008/09"]
[Date "2009.03.01"]
[Round "7.3"]
[White "Fuhrmann, Max(90)"]
[Black "Werner, Claus"]
[Result "1-0"]
[WhiteElo "2134"]
[BlackElo "2197"]
[PlyCount "137"]
[EventDate "2009.03.??"]
[EventType "team-tourn"]
[EventRounds "9"]
[WhiteTeam "Kelheim 1"]
[BlackTeam "Neutraubling 1"]

1. e4 e6 2. d4 d5 3. Nc3 Bb4 4. exd5 exd5 5. Bd3 Nc6 6. a3 Be7 7. Nge2 Bg4 8.
Be3 Qd7 9. Qd2 Nf6 10. Ng3 O-O-O 11. h3 Be6 12. Nce2 h5 13. Nf4 h4 14. Nxe6
fxe6 15. Ne2 Kb8 16. O-O-O e5 17. Bb5 Ne4 18. Qd3 Bf6 19. f3 Nd6 20. dxe5 Nxe5
21. Bxa7+ Ka8 22. Bxd7 Nxd3+ 23. cxd3 Rxd7 24. Bf2 Nf5 25. Nc3 Rd6 26. Kb1 Kb8
27. Rhe1 Kc8 28. Re2 Kd7 29. Rde1 Ra8 30. Rc2 Ra5 31. Nd1 Rb5 32. Nc3 Ra5 33.
Rd1 Re6 34. Ne2 Ne3 35. Bxe3 Rxe3 36. Nc3 Rc5 37. Re2 Rxe2 38. Nxe2 Ke6 39. Rc1
Rxc1+ 40. Kxc1 Kf5 41. Kc2 c6 42. b3 Be7 43. a4 Bb4 44. Kd1 Ke5 45. d4+ Kf5 46.
Kc2 g6 47. Kd3 g5 48. Ke3 Bd6 49. Kf2 Bb4 50. Nc1 Bd6 51. Nd3 Ke6 52. Ke3 Kf5
53. a5 Bf4+ 54. Ke2 Bc7 55. b4 Bb8 56. Nc5 Ba7 57. Ke3 b6 58. Nb3 Ke6 59. f4
bxa5 60. bxa5 Kf5 61. fxg5 Kxg5 62. Kf3 Kf5 63. a6 Ke6 64. Kg4 Bb6 65. Kxh4 Kf5
66. Na5 Bxd4 67. Nxc6 Bf2+ 68. Kh5 Ke4 69. g4 1-0